00540nam a2200181 i 450000100060000000300090000600500170001500700030003200800410003510000410007624500570011725000120017426000460018630000090023249000480024183000480028985200210033726651ES-MaACL20250702063037.0t|030110s1974 sp ||||1| spa d1 aAsturias, Miguel Ángel,d1899-197413aEl espejo de Lida Sal / cpor Miguel Angel Asturias. a4ª ed. aMadrid, etc : bSiglo Veintiuno, c[1974] a1 v.1 aLa creación literaria. Relatos y leyendas0 aLa creación literaria. Relatos y leyendas aES-MaACLjL-7926